00756nam a2200181 a 450000100100000000500170001000800410002704000250006808200150009310000590010824501080016726000770027530000340035270000490038604900090043595201130044499900170055700001715620240307183814.0100319s1971 dr ab 000 0 spa d aDO-SdBNPbspacBNPHU axxxbM433c1 a Matos G., Ramiro‏q(Matos González)d1927-93778010aCurso elemental de lectura de cartas /cRamiro Matos González; prólogo Teófilo R. Romero Pumarol. aSan Isidro, República Dominicana :bFuerzas Armadas Dominicana,c1971. a65 p. :bil. ; map. ;c23 cm.1 aRomero Pumarol, Teófilo R.epról.937781 aBNPD 0010718PDaPDbPDcCTd2010-03-19iLF1l0oxxx M433cp17156-10r2020-06-25w2020-06-25yLFPDZNo se presta c16682d16682